| 000 | 00443cam a22001457a 4500 | ||
|---|---|---|---|
| 008 | 180718b1968 xxu||||| |||| 00| 0 eng d | ||
| 082 | _aP921x71 Un3 | ||
| 100 | _aFalk, Leslie K. | ||
| 245 |
_aProcurement of Library Materials in the Federal Government _cby Leslie K. Falk |
||
| 260 |
_aWashington _bThe Federal Library Committee _c1968 |
||
| 300 | _a42p | ||
| 700 | _a` | ||
| 700 | _aLibrary Committee | ||
| 700 | _aUnited Kingdom. The Federal | ||
| 999 |
_c495001 _d495001 |
||